000 00658nam a2200193 i 4500
001 36058
003 ES-MaACL
005 20250907063037.0
007 t|
008 201030s1892 po ||||1| por d
100 1 _aLopes de Mendonça, Henrique,
_d1856-1931
_973290
245 1 0 _aEstudos sobre navios portuguezes nos seculos XV e XVI /
_cpor Henrique Lopes de Mendonça.
260 _aLisboa :
_b[s.n.],
_c1892 (
_fTyp. da Academia Real das Sciencias)
300 _a119 p. :
_bil. ;
_c30 cm.
650 4 _aBarcos-
_zPortugal.
_9171499
650 _aMarina de guerra-
_zPortugal.
_9170627
852 _aES-MaACL
_jT-744-F-5
999 _c36058
_d36058